00000000nam##2200000za#4500
0019.642538
003CaOODSP
00520210624223743
007cr |||||||||||
008150407|1998||||xxc|||||o    f|0| 0 fre|d
040 |aCaOODSP|bfre
043 |an-cn---
0861 |aEn133-36/1998F-PDF
1102 |aTable ronde nationale sur l'environnement et l'économie (Canada)
24510|aL'état du débat sur l'environnement et l'économie : |h[ressource électronique]|bles terrains abandonnés au Canada - retour au vert
260 |aGatineau - Québec : |bTable ronde nationale sur l'environnement et l'économie |cc1998.
300 |a78p.|bill.
500 |aSommaire: Introduction.--Aperçu général du réaménagement des terrains abandonnés et amélioration des données propres à l'état environnemental du terrain.--Avantage du réaménagement des terrains abandonnés et amélioration des données propres à l'état du terrain.--Sommaire des documents d'étude.--Résultats des consultations multilatérales nationales de la TRNEE.--Suggestions des intervenants.--Recommandations.--Conclusion.--Annexes.--Bibliographie. Données de catalogage avant publication (Canada) imprimées dans cette publication.
500 |aLe numéro ISBN (1-8956643-69-4) pour la publication imprimée a été incorrectement copié dans la publication électronique.
504 |aBibliographie.
590 |a13-24-Supp|b2013-10-18
69107|aPollution des sols|2gcpds
77508|tState of the debate on the environment and the economy : |w(CaOODSP)9.698531
7760#|tL'État du débat sur l'environnement et l'économie: les terrains abandonnés au Canada: retour au vert |w(CaOODSP)9.680551
85640|ahttp://publications.gc.ca|qPDF|s11.48 Mo|uhttps://publications.gc.ca/collections/collection_2013/ec/En133-36-1998-fra.pdf